Al pie de la letra I : la voz humana.
Guardado en:
| Formato: | Desconocido |
|---|---|
| Lenguaje: | Spanish |
| Materias: | |
| Etiquetas: |
Agregar Etiqueta
Sin Etiquetas, Sea el primero en etiquetar este registro!
|
MARC
| LEADER | 000000000a22000000004500 | ||
|---|---|---|---|
| 001 | 002254 | ||
| 041 | 0 | |a spa | |
| 245 | 1 | 0 | |a Al pie de la letra I : |b la voz humana. |
| 650 | 4 | |a SOCIEDAD CUBANA DE ESCRITORES | |
| 773 | 0 | |x 008-7157 |d Cuba : Editorial Casa de las Américas |t Casa de las Américas |g número 51-52 (1968-1969), página 271 | |
| 942 | |c ARC | ||
| 999 | |c 9804 |d 9804 | ||
